Statistics for Four Letter African Geography

Click here to take the quiz!

General Stats

  • This quiz has been taken 490 times
  • The average score is 17 of 26

Answer Stats

ClueAnswer% Correct
Longest riverNile
99%
Burkina ____Faso
97%
Extinct bird of MauritiusDodo
94%
Country next to BeninTogo
94%
It has a "Great Pyramid"Giza
93%
Country where Timbuktu can be foundMali
93%
Major Egyptian canalSuez
93%
São ____ and PríncipeTomé
93%
Cape of _____ HopeGood
92%
Largest ethnic group of South AfricaZulu
84%
Dominant ethnic group in North AfricaArab
74%
One of the two largest ethnic groups
in Burundi and Rwanda
Hutu
74%
Capital of world's newest countryJuba
70%
Term for an Egyptian ChristianCopt
68%
Once the 4th largest lake in AfricaChad
63%
Capital of the aboveLomé
63%
Dutch-descendant people of South AfricaBoer
60%
Currency of South AfricaRand
60%
Gulf north of SomaliaAden
55%
Great ____ ValleyRift
51%
Biggest city in northern NigeriaKano
41%
One of the major languages of NigeriaIgbo
39%
Second-biggest city in AlgeriaOran
38%
Second city of TunisiaSfax
29%
Major ethnic group in West Africa
(Hint: Starts with the letter F)
Fula
18%
Currency of EthiopiaBirr
11%

Score Distribution

Percentile by Number Answered

Percent of People with Each Score

Your Score History

You have not taken this quiz